|
|
|
|
| LEADER |
00000nam a2200000 i 4500 |
| 001 |
IT\ICCU\CFI\0117513 |
| 003 |
ItRI |
| 005 |
20260126093558.0 |
| 008 |
900315s1988 it |||||| ||||| |||||c |
| 015 |
|
|
|2 IT
|a 90-1621
|
| 020 |
|
|
|a 8831750798
|
| 040 |
|
|
|b ita
|c ARCIGAY RIMINI
|
| 041 |
|
7 |
|a ita
|2 ISO-639-2
|
| 082 |
|
|
|a 364.153094531
|2 19
|
| 100 |
1 |
|
|a Ruggiero, Guido
|0 IT\ICCU\CFIV\053830
|4 aut
|
| 240 |
1 |
4 |
|a The boundaries of eros. -
|9 Ruggiero, Guido
|
| 245 |
1 |
2 |
|a I confini dell'eros :
|b crimini sessuali e sessualità nella Venezia del Rinascimento /
|c Guido Ruggiero.
|
| 260 |
|
|
|a Venezia :
|b Marsilio,
|c 1988
|
| 300 |
|
|
|a 296 p. ;
|c 22 cm
|
| 500 |
|
|
|a Trad. di Giovanna Covi.
|
| 650 |
|
7 |
|a Reati sessuali
|x Venezia
|x Sec. 14.-16.
|2 scbi
|
| 830 |
|
0 |
|a Saggi
|0 IT\ICCU\CFI\0022487
|
| 942 |
|
|
|2 ddc
|c BK
|
| 952 |
|
|
|0 0
|1 0
|2 ddc
|4 0
|6 364_153000000000000_RUG_CON
|7 1
|9 3212
|a RN
|b RN
|d 2025-02-17
|e DONO RIMONDINI
|l 0
|o 364.153 RUG CON
|p 10471
|r 2025-02-17 23:12:51
|w 2025-02-17
|y BK
|
| 952 |
|
|
|0 0
|1 0
|2 ddc
|4 0
|7 0
|9 8857
|a MI
|b MI
|d 2007-09-18
|i 5350
|l 0
|p CDOM5350
|r 2025-07-17 21:50:00
|w 2025-07-17
|x DONO
|y BK
|
| 952 |
|
|
|0 0
|1 0
|2 ddc
|4 0
|6 DOC_364_153000000000000_RUG
|7 0
|9 15499
|a BO
|b BO
|d 2026-01-15
|i 1557
|l 0
|o DOC 364.153 RUG
|p BO1557
|r 2026-01-15 23:19:00
|t 1
|w 2026-01-15
|x [Sebina 5]
|y BK
|z 1 v.
|
| 952 |
|
|
|0 0
|1 0
|2 ddc
|4 0
|6 DOC_364_153000000000000_RUG
|7 0
|9 15500
|a BO
|b BO
|d 2026-01-15
|i 20215
|l 0
|o DOC 364.153 RUG
|p BO20215
|r 2026-01-15 23:19:00
|t 2
|w 2026-01-15
|x [Sebina 7]
|y BK
|z 1 v.
|
| 999 |
|
|
|c 2586
|d 2586
|